000 01007cam a2200301 a 4500
999 _c4277
_d4277
001 13064851
003 OSt
005 20210524100718.0
008 020524s2002 enka b 001 0 eng d
010 _a 2003386916
020 _a0748765301
035 _a(OCoLC)ocm50229362
040 _aEQO
_cEQO
_dDLC
050 0 0 _aQH450.2
_b.L37 2002
082 0 0 _a572.86 LAT 2002
100 1 _aLatchman, David S.
_99227
245 1 0 _aGene Regulation:
_ba eukaryotic perspective
250 _a4th ed.
260 _aCheltenham :
_bNelson Thornes,
_c2002.
300 _axviii, 323 p. :
_bcol.ill ;
_c25 cm.
504 _aIncludes bibliographical references and index.
650 0 _aGenes
_99228
650 0 _aGenetics
_99229
856 4 2 _3Publisher description
_uhttp://www.loc.gov/catdir/enhancements/fy0652/2003386916-d.html
906 _a7
_bcbc
_ccopycat
_d2
_encip
_f20
_gy-gencatlg
942 _2ddc
_cO_SHELF